/ دیوان-ا میر دوم عکسی (Record no. 106045)
[ view plain ]
| 000 -LEADER | |
|---|---|
| fixed length control field | 00880nam a22002537a 4500 |
| 005 - DATE AND TIME OF LATEST TRANSACTION | |
| control field | 20170828152331.0 |
| 010 ## - LCCN (DPL NO) | |
| LC control number | B-058142 |
| 020 ## - INTERNATIONAL STANDARD BOOK NUMBER | |
| Terms of availability | 300.00 |
| 035 ## - SYSTEM CONTROL NUMBER | |
| System control number | B-058142 |
| 037 ## - SOURCE OF ACQUISITION | |
| Source of stock number/acquisition | Cen Lib/Ret |
| 082 ## - DEWEY DECIMAL CLASSIFICATION NUMBER | |
| Classification number | 841 |
| 100 ## - MAIN ENTRY--PERSONAL NAME | |
| Personal name | میر تقی میر |
| 245 ## - TITLE STATEMENT | |
| Title | / دیوان-ا میر دوم عکسی |
| Statement of responsibility, etc | میر تقی میر ; مرتب سنجے گدبولے |
| 246 ## - VARYING FORM OF TITLE | |
| Title proper/short title | Divan-e-mir dovvom aksi |
| Remainder of title | by Meer Taqi Meer |
| 260 ## - PUBLICATION, DISTRIBUTION, ETC. (IMPRINT) | |
| Place of publication, distribution, etc | پونے |
| Name of publisher, distributor, etc | اسبقے پبلکتیونس |
| Date of publication, distribution, etc | 2001 |
| 270 ## - ADDRESS | |
| Address | سہرا منجیل ، ٢٣٠-بی-١٠٢، ومن درشن ، سنجے پارک لوہگاؤں رود |
| City | پونے |
| Postal code | 411032 |
| 300 ## - PHYSICAL DESCRIPTION | |
| Extent | 294p. |
| Dimensions | 22cm(Hb) |
| 650 ## - SUBJECT ADDED ENTRY--TOPICAL TERM | |
| Topical term or geographic name as entry element | اردو ادب |
| Geographic subdivision | |
| 650 ## - SUBJECT ADDED ENTRY--TOPICAL TERM | |
| Topical term or geographic name as entry element | اردو شیری |
| 650 ## - SUBJECT ADDED ENTRY--TOPICAL TERM | |
| Topical term or geographic name as entry element | Urdu Literature |
| 650 ## - SUBJECT ADDED ENTRY--TOPICAL TERM | |
| Topical term or geographic name as entry element | Urdu shayri |
| 700 ## - ADDED ENTRY--PERSONAL NAME | |
| Personal name | Godbole, Sanjay |
| 9 (RLIN) | 870 |
| 942 ## - ADDED ENTRY ELEMENTS (KOHA) | |
| Source of classification or shelving scheme | Dewey Decimal Classification |
| Item type | Urdu Bks |
| Classification part | 841 |
| Call number suffix | م ے ر |
| Withdrawn status | Lost status | Not for loan | Collection code | Home library | Current library | Date acquired | Source of acquisition | Cost, normal purchase price | Full call number | Barcode | Copy number | Cost, replacement price | Koha item type |
|---|---|---|---|---|---|---|---|---|---|---|---|---|---|
| Not For Loan | Reference | Central Library | Central Library | 27/05/2015 | Cen Lib/Ret | 300.00 | 841م ے ر | B-058142 | 1 | 300.00 | Urdu Bks |
